[Event "DEM U12 2012"]
[Site "Oberhof GER"]
[Date "2012.05.28"]
[Round "3"]
[White "Vogel, Roven"]
[Black "Kololli, Martin"]
[Result "1-0"]
[Termination "normal"]
[Board "1"]
[WhiteElo "1944"]
[BlackElo "1739"]
[PlyCount "131"]
[WhiteFideId "12908088"]
[BlackFideId "12936910"]
[EventCountry "GER"]
[EventRounds "11"]
[EventType "swiss"]
[EventDate "2012.05.26"]

1. Nf3 d5 2. d4 f5 3. c4 c6 4. Nc3 Nf6 5. g3 e6 6. Bg2 Be7 7. O-O O-O 8. Qd3
Bd7 9. a3 Be8 10. Rd1 Nbd7 11. cxd5 cxd5 12. Ng5 Bf7 13. Nxf7 Rxf7 14. f3 Nb6
15. e4 Qd7 16. b3 Raf8 17. e5 Ne8 18. Bd2 g5 19. a4 Ng7 20. a5 Na8 21. Na4 h5
22. f4 g4 23. b4 Nc7 24. Bf1 Rb8 25. Rdc1 b6 26. axb6 axb6 27. b5 Rff8 28. Rc6
Na8 29. Rac1 Rfd8 30. Qb3 Ne8 31. Nc3 Rdc8 32. Na2 Nac7 33. Nb4 Kf7 34. Qc2 Rb7
35. Bd3 Ra8 36. Na6 Raa7 37. Kg2 Kg7 38. h3 Nxa6 39. bxa6 Rc7 40. Bb5 Qc8 41.
Qb2 Rxc6 42. Bxc6 Nc7 43. Bb7 Qb8 44. hxg4 hxg4 45. Bb4 Nxa6 46. Bxa6 Rxa6 47.
Bxe7 Qa7 48. Bf6+ Kg6 49. Rc2 Ra3 50. Bh4 Qa6 51. Rf2 Qa5 52. Be7 Rd3 53. Bb4
Qb5 54. Be1 Qa6 55. Qa2 Ra3 56. Qe2 b5 57. Bb4 Rb3 58. Bc5 Qa5 59. Qc2 Rc3 60.
Qa2 Qd8 61. Qb2 Rd3 62. Qxb5 Re3 63. Qb6 Qg8 64. Qd6 Kg7 65. Qe7+ Kh8 66. Kf1
1-0

[Event "DEM U12 2012"]
[Site "Oberhof GER"]
[Date "2012.05.28"]
[Round "3"]
[White "Rätzke von Stoyentin, Steffen"]
[Black "Schröder, Kevin"]
[Result "0-1"]
[Termination "normal"]
[Board "2"]
[WhiteElo "1741"]
[BlackElo "2036"]
[PlyCount "58"]
[WhiteFideId "12907502"]
[BlackFideId "12929840"]
[EventCountry "GER"]
[EventRounds "11"]
[EventType "swiss"]
[EventDate "2012.05.26"]

1. Nf3 c5 2. c4 Nc6 3. Nc3 g6 4. d4 cxd4 5. Nxd4 Bg7 6. Nxc6 bxc6 7. e4 d6 8.
Be2 Nf6 9. Be3 Rb8 10. b3 Nd5 11. Nxd5 cxd5 12. Bd4 Qa5+ 13. Kf1 e5 14. Be3 d4
15. Bd2 Qc7 16. Qc1 Bb7 17. Bd3 f5 18. f3 O-O 19. Ke2 fxe4 20. fxe4 Rf7 21. Qa3
Rbf8 22. Bb4 Rf2+ 23. Ke1 Qf7 24. Bxd6 Qf4 25. Qc1 Rxg2 26. Bxf8 Qf2+ 27. Kd1
Qf3+ 28. Ke1 Qxd3 29. Qd1 Qe3+ 0-1

[Event "DEM U12 2012"]
[Site "Oberhof GER"]
[Date "2012.05.28"]
[Round "3"]
[White "Martin, Julian"]
[Black "Kitze, Alexander"]
[Result "0-1"]
[Termination "normal"]
[Board "3"]
[WhiteElo "1627"]
[BlackElo "1811"]
[PlyCount "138"]
[WhiteFideId "12941000"]
[BlackFideId "12914827"]
[EventCountry "GER"]
[EventRounds "11"]
[EventType "swiss"]
[EventDate "2012.05.26"]

1. e4 c5 2. Nf3 d6 3. d4 cxd4 4. Nxd4 Nf6 5. Nc3 a6 6. f3 e6 7. Be3 b5 8. Qd2
Nbd7 9. Bd3 Bb7 10. a3 Qc7 11. g4 h6 12. h4 d5 13. O-O-O dxe4 14. Nxe4 Bxe4 15.
Bxe4 Nxe4 16. fxe4 Rb8 17. Nb3 b4 18. a4 Nb6 19. Bxb6 Rxb6 20. g5 hxg5 21. hxg5
Rxh1 22. Rxh1 g6 23. Rh7 Qe5 24. Qe3 Rd6 25. Nc5 Be7 26. Kb1 Qxc5 27. Qf3 Kd7
28. Rxf7 Qd4 29. Ka2 Rc6 30. Qf6 Qc4+ 31. Ka1 Qc5 32. e5 b3 33. cxb3 Rb6 34.
Ka2 Qb4 35. Qf3 Rc6 36. Qd3+ Kc7 37. Qxg6 Kb6 38. Qh7 Rc7 39. Rg7 Bd8 40. g6
Be7 41. Qh2 Rc1 42. Qe2 Qc5 43. Rf7 Rc2 44. Qxc2 Qxc2 45. g7 Qg6 46. Rxe7 Kc6
47. Ra7 Kd5 48. Rxa6 Qxg7 49. Ra5+ Kd4 50. Rb5 Qa7 51. Kb1 Kd3 52. Rb4 Qg1+ 53.
Ka2 Qe3 54. Rb5 Kc2 55. a5 Qd4 56. Ka3 Qxb2+ 57. Ka4 Qd4+ 58. Ka3 Kb1 59. a6
Qa1+ 60. Kb4 Qxa6 61. Kc5 Kc2 62. b4 Kc3 63. Rb6 Qc4+ 64. Kd6 Qd4+ 65. Kc7
Qxe5+ 66. Kb7 Qd5+ 67. Ka7 e5 68. b5 Kb4 69. Ka6 Qa8# 0-1

[Event "DEM U12 2012"]
[Site "Oberhof GER"]
[Date "2012.05.28"]
[Round "3"]
[White "Schmidek, Emil"]
[Black "Laubrock, Paul"]
[Result "1-0"]
[Termination "normal"]
[Board "4"]
[WhiteElo "1800"]
[BlackElo "1648"]
[PlyCount "93"]
[WhiteFideId "12908150"]
[BlackFideId "1270509"]
[EventCountry "GER"]
[EventRounds "11"]
[EventType "swiss"]
[EventDate "2012.05.26"]

1. e4 e6 2. d4 d5 3. Nc3 Bb4 4. e5 c5 5. a3 cxd4 6. axb4 dxc3 7. Nf3 Qc7 8. Qd4
Nc6 9. Qxc3 Qb8 10. b5 Nce7 11. Be3 Nf5 12. Bxa7 Rxa7 13. Rxa7 Qxa7 14. Qxc8+
Ke7 15. Qc7+ Ke8 16. b6 Qa5+ 17. Kd1 Nge7 18. Qb8+ Kd7 19. Qxb7+ Kd8 20. Qb8+
Kd7 21. Qc7+ Ke8 22. Qa7 Qxa7 23. bxa7 Kd7 24. Bb5+ Kc7 25. Kd2 Kb6 26. Ra1 Ra8
27. Be8 Nh6 28. Ng5 Nc6 29. Bxc6 Kxc6 30. h3 Kb7 31. Kc3 Rc8+ 32. Kb4 Ka8 33.
c3 Rc7 34. Ra2 Ng8 35. Nf3 Ne7 36. Nd4 Ng6 37. Nf3 Ne7 38. Nd4 Ng6 39. Nb5 Rc4+
40. Kb3 Nxe5 41. Ra6 Nd3 42. Ka2 Nxf2 43. Rd6 Rc8 44. Rd7 Ne4 45. Rxf7 Nf6 46.
Rxg7 h5 47. Nc7+ 1-0

[Event "DEM U12 2012"]
[Site "Oberhof GER"]
[Date "2012.05.28"]
[Round "3"]
[White "Schnabel, Bennett"]
[Black "Ovsepyan, Arshak"]
[Result "0-1"]
[Termination "normal"]
[Board "5"]
[WhiteElo "1693"]
[BlackElo "1951"]
[PlyCount "106"]
[WhiteFideId "12943290"]
[BlackFideId "24690236"]
[EventCountry "GER"]
[EventRounds "11"]
[EventType "swiss"]
[EventDate "2012.05.26"]

1. d4 d5 2. Nf3 Nf6 3. e3 Bf5 4. c4 e6 5. Qb3 b6 6. Nc3 c6 7. Be2 Bd6 8. O-O
O-O 9. Bd2 Nbd7 10. Rac1 Rc8 11. Rfd1 Re8 12. Be1 Ne4 13. Nxe4 Bxe4 14. Rc3 c5
15. Rdc1 Rc7 16. Nd2 Nf6 17. Nxe4 Nxe4 18. R3c2 Rc8 19. g3 Nf6 20. Bf3 Bf8 21.
Rd1 cxd4 22. Rxd4 e5 23. Rdd2 d4 24. Rd1 Qc7 25. Bb4 e4 26. Bg2 d3 27. Rc3 Bc5
28. Bxc5 Qxc5 29. Bh3 Rc7 30. a3 a5 31. Qa2 Qe5 32. Rcc1 Qe7 33. b3 Rd8 34. Rd2
h6 35. Qb2 Nh7 36. b4 Ng5 37. Bg2 axb4 38. axb4 f5 39. Qb3 Qe6 40. Qa2 Rdc8 41.
h4 Nf7 42. c5 Qxa2 43. Rxa2 bxc5 44. bxc5 Rxc5 45. Rxc5 Rxc5 46. Rd2 Rc1+ 47.
Kh2 Rc2 48. Rd1 Ne5 49. Kg1 d2 50. Kh2 Kf8 51. Bf1 Rc1 52. Be2 Rxd1 53. Bxd1
Nd3 0-1

[Event "DEM U12 2012"]
[Site "Oberhof GER"]
[Date "2012.05.28"]
[Round "3"]
[White "Burg, Niclas"]
[Black "Poghosyan, Tigran"]
[Result "1-0"]
[Termination "normal"]
[Board "7"]
[WhiteElo "1614"]
[BlackElo "1860"]
[PlyCount "115"]
[WhiteFideId "1271968"]
[BlackFideId "12909319"]
[EventCountry "GER"]
[EventRounds "11"]
[EventType "swiss"]
[EventDate "2012.05.26"]

1. e4 c5 2. Nf3 d6 3. d4 cxd4 4. Nxd4 Nf6 5. Nc3 a6 6. Bc4 e6 7. O-O Be7 8. Kh1
O-O 9. f4 Qc7 10. Bd3 Nc6 11. Nxc6 bxc6 12. f5 exf5 13. exf5 Re8 14. Ne4 c5 15.
Bg5 Qd8 16. Qf3 Rb8 17. Rae1 Nxe4 18. Qxe4 f6 19. Bc4+ Kh8 20. Bf7 Rf8 21. Qxe7
Qxe7 22. Rxe7 fxg5 23. b3 Rb6 24. g4 Rb7 25. Rfe1 Bd7 26. Bd5 Rc7 27. Kg1 Rfc8
28. c4 h5 29. h3 h4 30. Kf2 Bc6 31. Bxc6 Rxc6 32. Re8+ Kh7 33. R1e6 Rxe8 34.
Rxe8 Rc7 35. Rd8 Re7 36. Rxd6 Re4 37. Rxa6 Rf4+ 38. Kg2 Rd4 39. Re6 Rd2+ 40.
Kg1 Rd3 41. Re2 Rxh3 42. Rg2 Rc3 43. Kh2 Kg8 44. Rb2 Rg3 45. a4 Rxg4 46. a5 Rd4
47. a6 Kf7 48. b4 cxb4 49. c5 Ke7 50. a7 Rd8 51. Rxb4 g4 52. Rb8 Rd2+ 53. Kg1
Rd1+ 54. Kg2 h3+ 55. Kg3 Rg1+ 56. Kh2 Rg2+ 57. Kh1 g3 58. a8=Q 1-0

[Event "DEM U12 2012"]
[Site "Oberhof GER"]
[Date "2012.05.28"]
[Round "3"]
[White "Muckle, Julius"]
[Black "Fieberg, Samuel"]
[Result "1-0"]
[Termination "normal"]
[Board "8"]
[WhiteElo "1541"]
[BlackElo "1872"]
[PlyCount "61"]
[WhiteFideId "12942430"]
[BlackFideId "12901717"]
[EventCountry "GER"]
[EventRounds "11"]
[EventType "swiss"]
[EventDate "2012.05.26"]

1. d4 d5 2. c4 c6 3. Nc3 Nf6 4. Nf3 a6 5. a4 e6 6. Bf4 Bb4 7. e3 Ne4 8. Qc2 Qa5
9. Rc1 O-O 10. Bd3 f5 11. O-O Nd7 12. Ng5 Ndf6 13. f3 Nxc3 14. bxc3 Be7 15. e4
Nh5 16. Bd2 fxe4 17. fxe4 Rxf1+ 18. Rxf1 dxc4 19. Qd1 Bxg5 20. Qf3 Nf6 21. e5
Bxd2 22. exf6 cxd3 23. fxg7 Qf5 24. Qg3 Qg6 25. Qc7 Bd7 26. Qxb7 Rd8 27. Qc7
Bg5 28. h4 Bxh4 29. Qf4 Be7 30. Rf3 Be8 31. Qf8+ 1-0

[Event "DEM U12 2012"]
[Site "Oberhof GER"]
[Date "2012.05.28"]
[Round "3"]
[White "Lagunow, Raphael"]
[Black "Wachsmann, Dietmar"]
[Result "1-0"]
[Termination "normal"]
[Board "9"]
[WhiteElo "1860"]
[BlackElo "1405"]
[PlyCount "47"]
[WhiteFideId "24652644"]
[BlackFideId "12917168"]
[EventCountry "GER"]
[EventRounds "11"]
[EventType "swiss"]
[EventDate "2012.05.26"]

1. e4 d6 2. d4 Nf6 3. Nc3 Nbd7 4. f4 e5 5. Nf3 exd4 6. Qxd4 Nc5 7. e5 Ne6 8.
Qd1 Nd7 9. f5 Nec5 10. Bc4 Nxe5 11. Nxe5 dxe5 12. Bxf7+ Ke7 13. Bg5+ Kxf7 14.
Qxd8 Ne4 15. Qd5+ Ke8 16. Qxe5+ Kf7 17. Qd5+ Ke8 18. Qxe4+ Kf7 19. Qd5+ Ke8 20.
O-O-O Bd6 21. Rhe1+ Kd7 22. Re7+ Kd8 23. Rxc7+ Ke8 24. Qf7# 1-0

[Event "DEM U12 2012"]
[Site "Oberhof GER"]
[Date "2012.05.28"]
[Round "3"]
[White "Baberz, Alexander"]
[Black "Nguyen, Huy Dat"]
[Result "1/2-1/2"]
[Termination "normal"]
[Board "10"]
[WhiteElo "1815"]
[BlackElo "1764"]
[PlyCount "59"]
[WhiteFideId "12921734"]
[BlackFideId "12923486"]
[EventCountry "GER"]
[EventRounds "11"]
[EventType "swiss"]
[EventDate "2012.05.26"]

1. e4 c5 2. Nf3 Nc6 3. d4 cxd4 4. Nxd4 g6 5. Be3 Bg7 6. c3 Nf6 7. Nd2 O-O 8.
Be2 d5 9. Nxc6 bxc6 10. e5 Nd7 11. f4 Qc7 12. Nf3 e6 13. O-O Rb8 14. Qd2 c5 15.
c4 d4 16. Bf2 Bb7 17. a3 a5 18. b4 axb4 19. axb4 Bxf3 20. Bxf3 Rxb4 21. Bxd4
Rxc4 22. Bc3 Nxe5 23. Bxe5 Bxe5 24. fxe5 Qxe5 25. Rfe1 Qd4+ 26. Qxd4 cxd4 27.
Ra8 Rxa8 28. Bxa8 Rc8 29. Bf3 Re8 30. Kf2 1/2-1/2

[Event "DEM U12 2012"]
[Site "Oberhof GER"]
[Date "2012.05.28"]
[Round "3"]
[White "Hartmann, Martin"]
[Black "Höglauer, Patrick"]
[Result "1/2-1/2"]
[Termination "normal"]
[Board "11"]
[WhiteElo "1728"]
[BlackElo "1847"]
[PlyCount "72"]
[WhiteFideId "12911925"]
[BlackFideId "1270548"]
[EventCountry "GER"]
[EventRounds "11"]
[EventType "swiss"]
[EventDate "2012.05.26"]

1. e4 c5 2. Nf3 e6 3. c3 Nf6 4. e5 Nd5 5. d4 cxd4 6. cxd4 Nc6 7. Nc3 Nxc3 8.
bxc3 d6 9. Bb5 Bd7 10. O-O a6 11. Bxc6 Bxc6 12. Re1 Bd5 13. Qe2 Rc8 14. Bd2 Be7
15. exd6 Bxd6 16. Ne5 O-O 17. Qg4 Qc7 18. h4 f6 19. Nd3 Qc4 20. Nf4 Bxf4 21.
Qxf4 Qd3 22. h5 e5 23. dxe5 fxe5 24. Qxe5 Qxd2 25. Re2 Rce8 26. Qxe8 Qg5 27. f4
Qxf4 28. Qe3 Qh4 29. Qe5 Bf7 30. Rf1 Qxh5 31. Qxh5 Bxh5 32. Rxf8+ Kxf8 33. Re5
Be8 34. Kf2 Kf7 35. Ke3 Bc6 36. Kd4 Bxg2 1/2-1/2

[Event "DEM U12 2012"]
[Site "Oberhof GER"]
[Date "2012.05.28"]
[Round "3"]
[White "Piskaykin, Bogdan"]
[Black "Sieber, Fiona"]
[Result "0-1"]
[Termination "normal"]
[Board "12"]
[WhiteElo "1560"]
[BlackElo "1771"]
[PlyCount "50"]
[WhiteFideId "12941212"]
[BlackFideId "12902373"]
[EventCountry "GER"]
[EventRounds "11"]
[EventType "swiss"]
[EventDate "2012.05.26"]

1. e4 c5 2. Nf3 d6 3. d4 cxd4 4. Nxd4 Nf6 5. Nc3 Nc6 6. f3 e5 7. Nb3 Be7 8. Be3
O-O 9. Qd2 a5 10. Bb5 Be6 11. Rd1 Na7 12. Be2 b5 13. Bxa7 Rxa7 14. Nxb5 Ra6 15.
N5d4 Rb6 16. Nxe6 fxe6 17. Qxa5 d5 18. Qd2 Qa8 19. O-O dxe4 20. fxe4 Nxe4 21.
Rxf8+ Bxf8 22. Qd8 Qa7 23. Nd4 Rd6 24. Qe8 Rxd4 25. Qxe6+ Kh8 0-1

[Event "DEM U12 2012"]
[Site "Oberhof GER"]
[Date "2012.05.28"]
[Round "3"]
[White "Schirra, Maurice"]
[Black "Kololli, Kevin"]
[Result "0-1"]
[Termination "normal"]
[Board "14"]
[WhiteElo "1617"]
[BlackElo "1767"]
[PlyCount "102"]
[WhiteFideId "12941115"]
[BlackFideId "12936863"]
[EventCountry "GER"]
[EventRounds "11"]
[EventType "swiss"]
[EventDate "2012.05.26"]

1. e4 e5 2. Nf3 Nc6 3. d4 exd4 4. Nxd4 Bc5 5. Nxc6 Qf6 6. Qe2 bxc6 7. Nc3 Ne7
8. Be3 Bb6 9. Bxb6 axb6 10. Qe3 O-O 11. Bd3 Bb7 12. Qg3 d6 13. O-O Ng6 14. f4
Ba6 15. Rad1 Bxd3 16. cxd3 Qd4+ 17. Qf2 c5 18. Nb5 Qxf2+ 19. Rxf2 Rxa2 20. Nxc7
Ne7 21. d4 Ra4 22. dxc5 dxc5 23. Re2 Nc6 24. Rd6 Nd4 25. Rd2 b5 26. Rd5 Rc4 27.
Na6 Rc1+ 28. Kf2 Nb3 29. Re2 g6 30. f5 b4 31. f6 h6 32. e5 Nd4 33. Rd2 Ne6 34.
Rd7 Ng5 35. Re2 Rc4 36. Nc7 b3 37. Ke3 Rb8 38. Kd3 Rf4 39. g3 c4+ 40. Kd2 Ne4+
41. Ke3 Nc5 42. Rd5 Re4+ 43. Kf3 Rxe2 44. Kxe2 c3 45. Rd1 c2 46. Ra1 Rd8 47.
Nb5 Nd3 48. Kd2 Nxb2+ 49. Kc3 Rd1 50. Kxb2 Rxa1 51. Kxa1 c1=Q# 0-1

[Event "DEM U12 2012"]
[Site "Oberhof GER"]
[Date "2012.05.28"]
[Round "3"]
[White "Balazs, Balint"]
[Black "Spitzl, Vinzent"]
[Result "1-0"]
[Termination "normal"]
[Board "15"]
[WhiteElo "1758"]
[BlackElo "1725"]
[PlyCount "63"]
[WhiteFideId "12922757"]
[BlackFideId "12901253"]
[EventCountry "GER"]
[EventRounds "11"]
[EventType "swiss"]
[EventDate "2012.05.26"]

1. e4 c5 2. Nf3 d6 3. d4 cxd4 4. Nxd4 Nf6 5. Nc3 g6 6. Be3 Bg7 7. Bc4 O-O 8.
Bb3 Nc6 9. f3 Bd7 10. Qd2 Rc8 11. h4 h5 12. O-O-O Ne5 13. Bh6 Nc4 14. Bxc4 Rxc4
15. Bxg7 Kxg7 16. Nd5 Nxd5 17. exd5 b5 18. g4 Rh8 19. b3 Rc5 20. Ne2 f6 21.
gxh5 Rxh5 22. Nf4 Rh6 23. Rde1 Bf5 24. Ne6+ Bxe6 25. Rxe6 Rh5 26. Rhe1 Re5 27.
R1xe5 dxe5 28. d6 g5 29. dxe7 Qe8 30. Qd8 Rc8 31. Qxc8 Qxc8 32. e8=Q 1-0

[Event "DEM U12 2012"]
[Site "Oberhof GER"]
[Date "2012.05.28"]
[Round "3"]
[White "Kuhn, Magnus"]
[Black "Nothnagel, Marian Can"]
[Result "1/2-1/2"]
[Termination "normal"]
[Board "16"]
[WhiteElo "1658"]
[BlackElo "1723"]
[PlyCount "62"]
[WhiteFideId "12926345"]
[BlackFideId "12921530"]
[EventCountry "GER"]
[EventRounds "11"]
[EventType "swiss"]
[EventDate "2012.05.26"]

1. e4 e5 2. Nf3 Nc6 3. Bb5 a6 4. Ba4 Nf6 5. O-O Be7 6. Re1 b5 7. Bb3 d6 8. c3
O-O 9. h3 Na5 10. Bc2 c5 11. d4 Qc7 12. Nbd2 cxd4 13. cxd4 Nc6 14. d5 Nb4 15.
Bb1 a5 16. Nf1 Bd7 17. Bd2 Na6 18. Bc2 Nc5 19. Ng3 g6 20. Qe2 b4 21. Rec1 Qb8
22. Ne1 Bb5 23. Qe3 Ba6 24. b3 Bd8 25. Qf3 Ne8 26. Bh6 Ng7 27. Nd3 Bxd3 28.
Bxd3 f6 29. Be2 Rf7 30. Be3 Bb6 31. Bc4 Qf8 1/2-1/2

[Event "DEM U12 2012"]
[Site "Oberhof GER"]
[Date "2012.05.28"]
[Round "3"]
[White "Dürr, Florian"]
[Black "Moses, Selina"]
[Result "1-0"]
[Termination "normal"]
[Board "17"]
[WhiteElo "1934"]
[BlackElo "1677"]
[PlyCount "45"]
[WhiteFideId "24659134"]
[BlackFideId "12908070"]
[EventCountry "GER"]
[EventRounds "11"]
[EventType "swiss"]
[EventDate "2012.05.26"]

1. e4 c5 2. Nf3 d6 3. d4 cxd4 4. Nxd4 Nf6 5. Nc3 a6 6. Bg5 Nbd7 7. f4 Qc7 8.
Qe2 b5 9. Bxf6 exf6 10. Nd5 Qb8 11. O-O-O Nc5 12. e5 fxe5 13. fxe5 Ne6 14. Nc6
Qb7 15. Na5 Qb8 16. Nc6 Qb7 17. Na5 Qb8 18. g3 dxe5 19. Nc6 Qb7 20. Bg2 Bc5 21.
Nxe5 Qb8 22. Nc6 Qb7 23. Nf6+ 1-0

[Event "DEM U12 2012"]
[Site "Oberhof GER"]
[Date "2012.05.28"]
[Round "3"]
[White "Köhler, Inken"]
[Black "Greßmann, Moritz"]
[Result "1/2-1/2"]
[Termination "normal"]
[Board "18"]
[WhiteElo "1459"]
[BlackElo "1821"]
[PlyCount "47"]
[WhiteFideId "12929301"]
[BlackFideId "24695084"]
[EventCountry "GER"]
[EventRounds "11"]
[EventType "swiss"]
[EventDate "2012.05.26"]

1. e4 e5 2. Nf3 Nc6 3. d4 exd4 4. Nxd4 Bc5 5. Be3 Qf6 6. c3 b6 7. Be2 Nge7 8.
b4 Nxd4 9. Bxd4 Bxd4 10. cxd4 Bb7 11. Nc3 O-O-O 12. Rc1 Kb8 13. a3 Qg6 14. Bf3
Rhe8 15. O-O d5 16. e5 Nf5 17. Bh5 Qe6 18. Bg4 g6 19. Ne2 h5 20. Nf4 Qd7 21.
Bh3 Rg8 22. g3 h4 23. g4 Nh6 24. Re1 1/2-1/2

[Event "DEM U12 2012"]
[Site "Oberhof GER"]
[Date "2012.05.28"]
[Round "3"]
[White "Graf, Clara Victoria"]
[Black "Sauer, Annika"]
[Result "1-0"]
[Termination "normal"]
[Board "19"]
[WhiteElo "1727"]
[BlackElo "1501"]
[PlyCount "161"]
[WhiteFideId "1270339"]
[BlackFideId "12952052"]
[EventCountry "GER"]
[EventRounds "11"]
[EventType "swiss"]
[EventDate "2012.05.26"]

1. e4 d5 2. exd5 Qxd5 3. Nc3 Qa5 4. d4 c6 5. Nf3 Nf6 6. Bc4 Bg4 7. h3 Bh5 8. g4
Bg6 9. Ne5 e6 10. Qe2 Bd6 11. Bd2 Qc7 12. O-O-O Nbd7 13. f4 O-O-O 14. Rdf1 Nb6
15. Bb3 Rhe8 16. h4 h5 17. Nxg6 fxg6 18. Bxe6+ Kb8 19. gxh5 gxh5 20. f5 Nbd5
21. Nxd5 Nxd5 22. Qxh5 Nf6 23. Qf3 Qb6 24. c3 Ka8 25. Bf4 Bxf4+ 26. Qxf4 Qa6
27. Re1 Nh5 28. Qg5 Rh8 29. Bf7 Nf6 30. Qxg7 c5 31. Be6 Nh5 32. Qe5 cxd4 33.
cxd4 Qc6+ 34. Kb1 Rhe8 35. d5 Qc4 36. Qc3 Qf4 37. Qe5 Qf3 38. Qe2 Qxe2 39. Rxe2
Ng3 40. Reh2 Nxh1 41. Rxh1 Kb8 42. f6 Rf8 43. f7 Kc7 44. h5 Rh8 45. Kc2 Kd6 46.
Kd3 Rh6 47. Ke4 Rxe6+ 48. dxe6 Kxe6 49. h6 Kxf7 50. h7 Rh8 51. Ke5 Kg7 52. Kd6
Rxh7 53. Rxh7+ Kxh7 54. Kc7 b5 55. Kb7 a5 56. Kb6 b4 57. Kxa5 b3 58. axb3 Kg6
59. b4 Kf5 60. b5 Ke6 61. b6 Kd5 62. b7 Kd4 63. b8=Q Kd5 64. Qc7 Kd4 65. Qc6
Kd3 66. Qc5 Ke4 67. Qd6 Ke3 68. Qd5 Kf4 69. Qe6 Kf3 70. Qe5 Kg4 71. Qf6 Kg3 72.
Qf5 Kg2 73. Qf4 Kg1 74. Qf3 Kh2 75. Qg4 Kh1 76. b4 Kh2 77. b5 Kh1 78. b6 Kh2
79. b7 Kh1 80. b8=R Kh2 81. Rh8# 1-0

[Event "DEM U12 2012"]
[Site "Oberhof GER"]
[Date "2012.05.28"]
[Round "3"]
[White "Pallas, Sebastian"]
[Black "Ott, Josef Sebastian"]
[Result "1-0"]
[Termination "normal"]
[Board "20"]
[WhiteElo "1793"]
[BlackElo "1478"]
[PlyCount "75"]
[WhiteFideId "12905453"]
[BlackFideId "12952079"]
[EventCountry "GER"]
[EventRounds "11"]
[EventType "swiss"]
[EventDate "2012.05.26"]

1. e4 e5 2. Nf3 Nc6 3. d4 exd4 4. Nxd4 Qh4 5. Nc3 Bb4 6. Be2 Bxc3+ 7. bxc3 Qxe4
8. Nb5 Kd8 9. O-O Nf6 10. Nd4 Nxd4 11. cxd4 d6 12. Bf3 Qf5 13. c4 Re8 14. Ba3
Qf4 15. Bc1 Qf5 16. Re1 Rxe1+ 17. Qxe1 Qe6 18. Qf1 c6 19. Bf4 d5 20. cxd5 Nxd5
21. Bg3 Qf6 22. Be5 Qg6 23. Rc1 Be6 24. Qe1 Qg5 25. h4 Qh6 26. Qa5+ Kd7 27. Rb1
b6 28. Qa6 Rc8 29. Qb7+ Kd8 30. Re1 Qd2 31. Re2 Qc1+ 32. Kh2 Nf4 33. Bd6 Bd7
34. Bg4 Ne6 35. Rxe6 fxe6 36. Bxe6 Qf4+ 37. Bxf4 Bxe6 38. Bg5+ 1-0

[Event "DEM U12 2012"]
[Site "Oberhof GER"]
[Date "2012.05.28"]
[Round "3"]
[White "Urban, Konstantin"]
[Black "Reimers, Kim"]
[Result "1-0"]
[Termination "normal"]
[Board "21"]
[WhiteElo "1766"]
[BlackElo "1473"]
[PlyCount "75"]
[WhiteFideId "12927511"]
[BlackFideId "12930377"]
[EventCountry "GER"]
[EventRounds "11"]
[EventType "swiss"]
[EventDate "2012.05.26"]

1. e4 e6 2. d4 d5 3. Nd2 Nf6 4. e5 Nfd7 5. Bd3 c5 6. c3 Nc6 7. Ne2 Qb6 8. Nf3
Be7 9. O-O a6 10. b3 Qa7 11. a3 Rb8 12. Be3 b6 13. Bf4 b5 14. b4 cxb4 15. axb4
Bb7 16. Bxb5 Qb6 17. Bd3 Na7 18. Nd2 Nb5 19. Be3 Rc8 20. Qb3 Na7 21. f4 Rc7 22.
Rf3 g6 23. Kh1 Nb8 24. Rff1 Kd7 25. Qb2 Rhc8 26. Nb3 Ke8 27. Nc5 Bxc5 28. dxc5
Qc6 29. Nd4 Qd7 30. g4 Nb5 31. Nxb5 axb5 32. Bd4 Nc6 33. Ra3 Nb8 34. f5 Na6 35.
fxe6 Qxe6 36. Bxb5+ Ke7 37. h3 Nb8 38. Rf6 1-0

[Event "DEM U12 2012"]
[Site "Oberhof GER"]
[Date "2012.05.28"]
[Round "3"]
[White "Wiesner, Alexander"]
[Black "Rogozenco, Teodora"]
[Result "0-1"]
[Termination "normal"]
[Board "22"]
[WhiteElo "1474"]
[BlackElo "1651"]
[PlyCount "74"]
[WhiteFideId "12943991"]
[BlackFideId "12938084"]
[EventCountry "GER"]
[EventRounds "11"]
[EventType "swiss"]
[EventDate "2012.05.26"]

1. e4 d6 2. d4 Nf6 3. Nc3 e5 4. dxe5 dxe5 5. Qxd8+ Kxd8 6. Bc4 Ke8 7. Bd2 Bc5
8. f3 Nbd7 9. Nge2 c6 10. Ng3 g6 11. Ke2 Ke7 12. a3 b5 13. Bd3 Bd6 14. Nd1 Nc5
15. b4 Nxd3 16. Kxd3 Be6 17. Nb2 Rhd8 18. Ke2 c5 19. c3 Rac8 20. Rac1 Rc7 21.
Rhd1 Nd7 22. Nf1 Rdc8 23. Ne3 Nb6 24. g3 f5 25. exf5 gxf5 26. Rg1 Kf6 27. g4 f4
28. Ng2 cxb4 29. axb4 h6 30. h4 Nc4 31. Nxc4 Bxc4+ 32. Kf2 Rg8 33. Rgd1 Rc6 34.
Ra1 Bb3 35. Rdb1 Ba4 36. Rb2 Rc4 37. Re1 Bc7 0-1

[Event "DEM U12 2012"]
[Site "Oberhof GER"]
[Date "2012.05.28"]
[Round "3"]
[White "Krüger, David"]
[Black "Vuckovic, Zarko"]
[Result "1-0"]
[Termination "normal"]
[Board "23"]
[WhiteElo "1762"]
[BlackElo "1458"]
[PlyCount "59"]
[WhiteFideId "12921858"]
[BlackFideId "12952087"]
[EventCountry "GER"]
[EventRounds "11"]
[EventType "swiss"]
[EventDate "2012.05.26"]

1. d4 e6 2. c4 d5 3. Nc3 Nf6 4. cxd5 exd5 5. Bg5 Be7 6. e3 Bf5 7. Bxf6 Bxf6 8.
Qb3 O-O 9. Nxd5 Nd7 10. Rc1 c5 11. Nxf6+ Nxf6 12. Rxc5 Be4 13. Nf3 Bd5 14. Bc4
Bxc4 15. Rxc4 Qa5+ 16. Ke2 Qa6 17. Rhc1 Nd5 18. Ke1 Rfe8 19. Ne5 Qa5+ 20. Kf1
Qa6 21. Kg1 b6 22. Nxf7 Rec8 23. Nh6+ gxh6 24. Rxc8+ Rxc8 25. Qxd5+ Kh8 26.
Qe5+ Kg8 27. Qe6+ Kg7 28. Qd7+ Kf6 29. Qxc8 Qxa2 30. Rc6+ 1-0

[Event "DEM U12 2012"]
[Site "Oberhof GER"]
[Date "2012.05.28"]
[Round "3"]
[White "Abbasov, Amil"]
[Black "Simon, Tessa"]
[Result "1-0"]
[Termination "normal"]
[Board "24"]
[WhiteElo "1716"]
[BlackElo "1438"]
[PlyCount "105"]
[WhiteFideId "12930300"]
[BlackFideId "12929395"]
[EventCountry "GER"]
[EventRounds "11"]
[EventType "swiss"]
[EventDate "2012.05.26"]

1. e4 c5 2. c3 d5 3. exd5 Qxd5 4. d4 Nf6 5. Nf3 Bg4 6. Be2 e6 7. O-O Nc6 8. Be3
cxd4 9. cxd4 Be7 10. Nc3 Qd8 11. a3 a6 12. Qd2 O-O 13. Rfd1 Nd5 14. h3 Bf5 15.
Bc4 Nxe3 16. fxe3 b5 17. Ba2 Qb6 18. Rac1 Rfd8 19. Qe2 b4 20. Na4 Qb5 21. Qxb5
axb5 22. Nb6 bxa3 23. Nxa8 axb2 24. Rxc6 Rxa8 25. Bb1 Bxb1 26. Rxb1 Ra1 27. Nd2
g6 28. Rc2 Ba3 29. Kh2 b4 30. Rcxb2 Bxb2 31. Rxb2 Ra3 32. Nc4 Ra4 33. Rb3 Kf8
34. Kg3 Ke7 35. Kf4 Kd7 36. Nb6+ Kc6 37. Nxa4 Kb5 38. Rxb4+ Kxb4 39. Nc5 Kc4
40. Nd7 Kd5 41. Nf6+ Kd6 42. Nxh7 Ke7 43. Ke5 Kd7 44. Kf6 Ke8 45. Ng5 Kd7 46.
Nxf7 Ke8 47. Kxe6 Kf8 48. d5 Kg7 49. d6 Kf8 50. d7 Kg7 51. d8=Q g5 52. Qh8+ Kg6
53. Qh6# 1-0